| 000 | 00672cac a2200205 a 4500 | ||
|---|---|---|---|
| 003 | CO-PeBPM | ||
| 005 | 20250224165154.0 | ||
| 007 | ta | ||
| 008 | 231129s1988||||ck ||||||||||||| ||spa|| | ||
| 020 | _a9586023923 | ||
| 040 |
_aCO-PeBPM _bspa _cCO-PeBPM _erda |
||
| 041 | _aspa | ||
| 082 | 0 | 4 |
_a133 W335n _222 |
| 100 | 1 | 0 |
_aWatkins, William Jon _eautor |
| 245 | 1 | 0 |
_aNuevo manual de experimentos parapsíquicos _c/ William Jon Watkins; traducción M. Taboada |
| 260 |
_aBogotá Colombia _b: Círculo de Lectores _c, 1988 |
||
| 300 |
_a366 páginas _c20 centímetros |
||
| 942 |
_2ddc _cBKS |
||
| 999 |
_c21921 _d21921 |
||